| 000 | 00544nam a22001577a 4500 | ||
|---|---|---|---|
| 008 | 230426b |||||||| |||| 00| 0 eng d | ||
| 040 |
_aNational Science Library _cNational Science Library |
||
| 080 |
_aR 378.4(085)(41-44) _bN5.1 |
||
| 245 |
_aCommonwealth universities yearbook 1995 - 96 _c/ Association of Commonwealth Universities |
||
| 260 |
_aLondon: _bAssociation of Commonwealth Universities, _c1996 |
||
| 300 | _a980p. | ||
| 500 | _aVol. 1; 980p. Vol. 2; 981-2207p. | ||
| 650 | _aManagement | ||
| 653 | _aRubber | ||
| 942 |
_2udc _cREF |
||
| 999 |
_c23785 _d23785 |
||